[Event "British Chess Championships 2023: "]
[Site "The Venue, De Montfort University, 20 Western Boulevard, Leicester, LE2 7BU"]
[Date "2023.07.22"]
[Round "3"]
[Board "12"]
[White "Harrison, Oliver"]
[Black "Hughes, Sam"]
[Result "0-1"]
[WhiteElo "1693"]
[BlackElo "1601"]
[PlyCount "72"]
[EventDate "2023.07.21"]
[EventRounds "5"]
[EventCountry "ENG"]

1. e4 c6 2. c4 d5 3. cxd5 cxd5 4. exd5 Nf6 5. Qa4+ Bd7 6. Qb3 Qc7 7. Nc3 e5 8. dxe6
Bxe6 9. Qd1 Bc5 10. Nf3 O-O 11. Bb5 a6 12. Ba4 b5 13. Bc2 Bc4 14. d3 Re8+ 15. Ne2
Bd5 16. O-O Bxf3 17. gxf3 Nc6 18. d4 Rad8 19. Be3 Bd6 20. Ng3 Nd5 21. Qd3 g6 22.
Bg5 Nf4 23. Bxd8 Qd7 24. Qe3 Rxe3 25. fxe3 Nxd8 26. exf4 Bxf4 27. Kg2 Ne6 28. Ne4
Qxd4 29. Rab1 Bc7 30. Bb3 Nf4+ 31. Kh1 Qe5 32. Rf2 Bb6 33. Rc2 Qf5 34. Nd6 Qh3 35.
Rg1 Qxf3+ 36. Rcg2 Bxg1  0-1

[Event "British Chess Championships 2023: "]
[Site "The Venue, De Montfort University, 20 Western Boulevard, Leicester, LE2 7BU"]
[Date "2023.07.22"]
[Round "3"]
[Board "13"]
[White "Gilbert, David J"]
[Black "Clare, Steve"]
[Result "1/2-1/2"]
[WhiteElo "1603"]
[BlackElo "1684"]
[PlyCount "44"]
[EventDate "2023.07.21"]
[EventRounds "5"]
[EventCountry "ENG"]

1. c4 f5 2. g3 Nf6 3. Bg2 e6 4. Nc3 d6 5. d3 Be7 6. e4 fxe4 7. Nxe4 O-O 8. Nf3 c5
9. O-O Nc6 10. Nfg5 h6 11. Nxf6+ Bxf6 12. Ne4 Bd4 13. Rb1 e5 14. a3 a5 15. Bd2 Bf5
16. Qb3 Qc7 17. Qc2 Bxe4 18. Bxe4 Rf6 19. Be3 Raf8 20. Qe2 Qd7 21. Kg2 Bxe3 22. fxe3
b6  1/2-1/2

[Event "British Chess Championships 2023: "]
[Site "The Venue, De Montfort University, 20 Western Boulevard, Leicester, LE2 7BU"]
[Date "2023.07.22"]
[Round "3"]
[Board "14"]
[White "Gorskovs, Andrejs"]
[Black "Meredith, Daniel"]
[Result "1/2-1/2"]
[WhiteElo "1599"]
[BlackElo "1681"]
[PlyCount "119"]
[EventDate "2023.07.21"]
[EventRounds "5"]
[EventCountry "ENG"]

1. e4 c5 2. c3 Nf6 3. e5 Nd5 4. Bc4 Nb6 5. Bb3 Nc6 6. Nf3 d6 7. exd6 exd6 8. d4 Be7
9. d5 Ne5 10. Nxe5 dxe5 11. c4 O-O 12. a4 Qd6 13. a5 Nd7 14. Nc3 a6 15. Ne4 Qg6 16.
Bc2 Qxg2 17. Ng3 Nf6 18. Be3 Bg4 19. Qd2 Qh3 20. Bd3 Bc8 21. O-O-O Qd7 22. Nf5 e4
23. Nxe7+ Qxe7 24. Bb1 Bg4 25. Rdf1 Bh5 26. Bg5 Bg6 27. Re1 Rfe8 28. f3 Rad8 29.
fxe4 Qd6 30. e5 Rxe5 31. Bf4 Rxe1+ 32. Rxe1 Qd7 33. d6 Bxb1 34. Kxb1 Qf5+ 35. Kc1
h6 36. Re5 Qg6 37. Bg3 Ne4 38. Qe3 Nxd6 39. Rd5 Re8 40. Qxc5 Ne4 41. Qc7 Nxg3 42.
hxg3 Qe4 43. Rd8 Rxd8 44. Qxd8+ Kh7 45. Qc7 Qe1+ 46. Kc2 Qe2+ 47. Kc3 Qe3+ 48. Kb4
Qd2+ 49. Ka3 Qe3+ 50. b3 Qf3 51. Ka4 Kg6 52. b4 Qd1+ 53. Ka3 Qd3+ 54. Kb2 Qd2+ 55.
Kb3 Qd3+ 56. Ka4 Qd1+ 57. Ka3 Qd3+ 58. Ka2 Qc2+ 59. Ka3 Qc3+ 60. Ka4  1/2-1/2

[Event "British Chess Championships 2023: "]
[Site "The Venue, De Montfort University, 20 Western Boulevard, Leicester, LE2 7BU"]
[Date "2023.07.22"]
[Round "3"]
[Board "15"]
[White "Taylor, Stephen A"]
[Black "Howorth, Jack"]
[Result "0-1"]
[WhiteElo "1597"]
[BlackElo "1660"]
[PlyCount "88"]
[EventDate "2023.07.21"]
[EventRounds "5"]
[EventCountry "ENG"]

1. Nf3 Nf6 2. d4 g6 3. g3 d5 4. Bg2 Bg7 5. O-O O-O 6. c4 c6 7. cxd5 Nxd5 8. Nc3 Nxc3
9. bxc3 c5 10. Bb2 cxd4 11. cxd4 Nc6 12. e3 Qb6 13. Qe2 Bg4 14. h3 Bxf3 15. Bxf3
Rfe8 16. Rab1 Qa5 17. a3 e6 18. Rfc1 Rac8 19. Rc5 Qd8 20. Qb5 Bf8 21. Bxc6 bxc6 22.
Rxc6 Qd7 23. Rbc1 Rb8 24. Qe2 Rb3 25. Rc7 Qa4 26. Qc2 Reb8 27. Rb1 Qb5 28. a4 Qd3
29. Qxd3 Rxd3 30. Kg2 Rdb3 31. Rxa7 Rxb2 32. Rxb2 Rxb2 33. Ra8 Kg7 34. e4 Rb4 35.
d5 Rxe4 36. dxe6 Rxe6 37. a5 Re2 38. a6 Ra2 39. Kf3 Bc5 40. Ke4 Bxf2 41. g4 Ra3 42.
Kd5 Rxh3 43. Kd6 Rg3 44. Ke7 Rxg4  0-1

[Event "British Chess Championships 2023: "]
[Site "The Venue, De Montfort University, 20 Western Boulevard, Leicester, LE2 7BU"]
[Date "2023.07.22"]
[Round "3"]
[Board "16"]
[White "Homer, Neil S"]
[Black "Rao, Shree"]
[Result "1/2-1/2"]
[WhiteElo "1648"]
[BlackElo "1599"]
[PlyCount "128"]
[EventDate "2023.07.21"]
[EventRounds "5"]
[EventCountry "ENG"]

1. e4 e6 2. d4 d5 3. exd5 exd5 4. Nf3 Bd6 5. c4 c6 6. Nc3 Ne7 7. Bd3 dxc4 8. Bxc4
Bf5 9. O-O h6 10. Qb3 O-O 11. Qxb7 Nd7 12. Qb3 Rb8 13. Qd1 Qc7 14. Bd3 Bg4 15. h3
Bh5 16. Ne4 Bf4 17. Bxf4 Qxf4 18. b3 Ng6 19. g4 Bxg4 20. hxg4 Qxg4+ 21. Ng3 Nf4 22.
Nh2 Qh4 23. Be4 Nf6 24. Bg2 Nxg2 25. Kxg2 Rbe8 26. Qf3 Re6 27. Rac1 Nd5 28. Qg4 Qf6
29. Nh5 Qg6 30. Qxg6 Rxg6+ 31. Ng3 Nf4+ 32. Kh1 Rd8 33. Nf5 Kf8 34. Rcd1 Rd5 35.
Ne3 Rdg5 36. Rg1 Nh3 37. Rxg5 Nxf2+ 38. Kg2 Nxd1 39. Rxg6 Nxe3+ 40. Kf3 fxg6 41.
Kxe3 Ke7 42. Nf3 g5 43. Ne5 Kd6 44. b4 Kd5 45. a3 a6 46. Nd3 Kc4 47. Nc5 Kb5 48.
Ne6 Ka4 49. Nd8 Kb5 50. Ke4 g4 51. a4+ Kb6 52. Kf4 h5 53. Ne6 g6 54. Nd8 Kc7 55.
Nf7 Kb6 56. Ne5 g5+ 57. Kxg5 g3 58. Kxh5 g2 59. Nf3 a5 60. bxa5+ Kxa5 61. Kh4 Kxa4
62. Kg3 Kb4 63. Kxg2 Kc4 64. Kg3 c5  1/2-1/2

[Event "British Chess Championships 2023: "]
[Site "The Venue, De Montfort University, 20 Western Boulevard, Leicester, LE2 7BU"]
[Date "2023.07.22"]
[Round "3"]
[Board "17"]
[White "Ball, Charlie J"]
[Black "Williams, Stephen"]
[Result "1-0"]
[WhiteElo "1578"]
[BlackElo "1646"]
[PlyCount "65"]
[EventDate "2023.07.21"]
[EventRounds "5"]
[EventCountry "ENG"]

1. e4 c5 2. d4 cxd4 3. c3 d3 4. Bxd3 Nc6 5. Nf3 g6 6. Bf4 Bg7 7. Qd2 d6 8. Na3 Bd7
9. h4 Rc8 10. h5 a6 11. hxg6 hxg6 12. O-O-O Bg4 13. Bc4 Bxf3 14. gxf3 Rxh1 15. Rxh1
Ne5 16. Rh7 Kf8 17. Bb3 b5 18. Nc2 a5 19. a3 Nf6 20. Rh1 Nxf3 21. Qe3 Ne5 22. Bh6
Nh5 23. Qg5 f6 24. Bxg7+ Kxg7 25. Qg2 Qh8 26. Kb1 Qh6 27. Nd4 Kh7 28. Ne6 Qd2 29.
Rxh5+ Kg8 30. Rh8+ Kxh8 31. Qh3+ Kg8 32. Ng5+ Nc4 33. Qh7+  1-0

[Event "British Chess Championships 2023: "]
[Site "The Venue, De Montfort University, 20 Western Boulevard, Leicester, LE2 7BU"]
[Date "2023.07.22"]
[Round "3"]
[Board "18"]
[White "Welson, Aaron"]
[Black "Flint, James"]
[Result "1-0"]
[WhiteElo "1636"]
[BlackElo "1534"]
[PlyCount "29"]
[EventDate "2023.07.21"]
[EventRounds "5"]
[EventCountry "ENG"]

1. e4 c5 2. Nf3 d6 3. Bb5+ Bd7 4. Bxd7+ Qxd7 5. O-O Nc6 6. c3 Nf6 7. Re1 h5 8. d4
cxd4 9. cxd4 g6 10. e5 Ng4 11. h3 dxe5 12. d5 Nb4 13. hxg4 hxg4 14. Nxe5 Qd6 15.
Qa4+  1-0

[Event "British Chess Championships 2023: "]
[Site "The Venue, De Montfort University, 20 Western Boulevard, Leicester, LE2 7BU"]
[Date "2023.07.22"]
[Round "3"]
[Board "19"]
[White "Osborne, Paul J"]
[Black "Watkinson, Phil K"]
[Result "0-1"]
[WhiteElo "1544"]
[BlackElo "1633"]
[PlyCount "92"]
[EventDate "2023.07.21"]
[EventRounds "5"]
[EventCountry "ENG"]

1. e4 e5 2. Nf3 Nc6 3. d4 exd4 4. Nxd4 Nf6 5. Nxc6 bxc6 6. Qf3 Bc5 7. Bg5 Qe7 8.
Bd3 O-O 9. Bxf6 Qxf6 10. Qxf6 gxf6 11. O-O Re8 12. Nd2 d5 13. Nb3 Bb6 14. Rfe1 Be6
15. a4 a5 16. Nd2 Rad8 17. Nf3 Kh8 18. e5 f5 19. Ng5 Rg8 20. Nf3 Rg4 21. h3 Rg7 22.
Nh4 Rdg8 23. Kf1 f4 24. Ke2 Rg5 25. Kf1 Bd4 26. Nf3 Rxg2 27. Nxd4 Bxh3 28. Bf5 f3
29. Nxf3 Bxf5 30. Nd4 Be4 31. Ra3 c5 32. Ne2 Bxc2 33. Rh3 Bxa4 34. Ng3 R8xg3 35.
Rxg3 Rxg3 36. fxg3 Bb5+ 37. Kf2 Kg7 38. Rc1 c4 39. Ke3 c5 40. Kf4 Kg6 41. g4 d4 42.
Rh1 a4 43. g5 a3 44. Rh6+ Kg7 45. bxa3 c3 46. Rb6 c2  0-1

[Event "British Chess Championships 2023: "]
[Site "The Venue, De Montfort University, 20 Western Boulevard, Leicester, LE2 7BU"]
[Date "2023.07.22"]
[Round "3"]
[Board "20"]
[White "White, Nicholas E"]
[Black "Woolf, Ben"]
[Result "1-0"]
[WhiteElo "1511"]
[BlackElo "1630"]
[PlyCount "131"]
[EventDate "2023.07.21"]
[EventRounds "5"]
[EventCountry "ENG"]

1. d4 e6 2. Nc3 Bb4 3. Bf4 Nf6 4. e3 Nd5 5. Nge2 Bxc3+ 6. bxc3 Nxf4 7. Nxf4 O-O 8.
Bd3 Nc6 9. h4 f5 10. h5 b6 11. Qf3 Qe8 12. g4 Bb7 13. Rg1 Na5 14. Qg3 fxg4 15. Qxg4
Qf7 16. Kd2 Rae8 17. Rg3 e5 18. Rag1 e4 19. Qxg7+ Qxg7 20. Rxg7+ Kh8 21. Be2 Rg8
22. h6 Rxg7 23. hxg7+ Kg8 24. Nh5 Re6 25. Rg4 Rg6 26. Rf4 Rxg7 27. Nxg7 Kxg7 28.
c4 d5 29. cxd5 Bxd5 30. a3 c6 31. Bf1 h6 32. Kc3 Nb7 33. Bg2 Nd6 34. a4 a6 35. Bf1
a5 36. Kb2 b5 37. axb5 cxb5 38. c3 a4 39. Ka3 Kg6 40. Rf8 Nc4+ 41. Bxc4 Bxc4 42.
Rd8 Kf6 43. d5 h5 44. d6 Ke6 45. d7 Ke7 46. Re8+ Kxd7 47. Rxe4 Kd6 48. Rh4 Be2 49.
c4 Bxc4 50. Rxh5 Ke6 51. Kb4 Kf6 52. f4 Ke6 53. e4 Kf6 54. Rc5 Bd3 55. e5+ Kf5 56.
Rc3 Be4 57. Kxb5 Kxf4 58. e6 Bg6 59. Kxa4 Kf5 60. e7 Kf6 61. Re3 Be8+ 62. Ka5 Kf7
63. Kb6 Bd7 64. Kc7 Ke8 65. Kd6 Bb5 66. Rb3  1-0

[Event "British Chess Championships 2023: "]
[Site "The Venue, De Montfort University, 20 Western Boulevard, Leicester, LE2 7BU"]
[Date "2023.07.22"]
[Round "3"]
[Board "21"]
[White "Blackburn, Sandra G"]
[Black "Segat, Davide"]
[Result "1-0"]
[WhiteElo "1621"]
[BlackElo "1525"]
[PlyCount "57"]
[EventDate "2023.07.21"]
[EventRounds "5"]
[EventCountry "ENG"]

1. d4 e6 2. Nf3 f5 3. Bf4 Nf6 4. e3 b6 5. Bd3 Bb7 6. Nbd2 Bd6 7. Bxd6 cxd6 8. c3
O-O 9. O-O d5 10. h3 Qe8 11. Re1 d6 12. Rc1 Nbd7 13. b4 Ba6 14. b5 Bb7 15. c4 Ne4
16. cxd5 Bxd5 17. Bc4 Bb7 18. Bb3 Rf6 19. Rc7 Nxd2 20. Qxd2 Be4 21. Ng5 d5 22. f3
h6 23. Nxe6 Bxf3 24. gxf3 Qxe6 25. Rc6 Rg6+ 26. Kh2 Qf7 27. Rxg6 Qxg6 28. Bxd5+ Kh8
29. Bxa8  1-0

[Event "British Chess Championships 2023: "]
[Site "The Venue, De Montfort University, 20 Western Boulevard, Leicester, LE2 7BU"]
[Date "2023.07.22"]
[Round "3"]
[Board "22"]
[White "Steel, Martin J"]
[Black "Skelton, Jason"]
[Result "1-0"]
[WhiteElo "1610"]
[BlackElo "1456"]
[PlyCount "79"]
[EventDate "2023.07.21"]
[EventRounds "5"]
[EventCountry "ENG"]

1. c4 Nf6 2. Nc3 g6 3. g3 Bg7 4. Bg2 d6 5. e4 O-O 6. Nge2 e5 7. d3 Be6 8. O-O c6
9. h3 a5 10. f4 exf4 11. Nxf4 Bc8 12. Kh2 Nbd7 13. Be3 Nb6 14. Rb1 Nfd7 15. Qd2 Re8
16. b3 Nf8 17. d4 a4 18. c5 dxc5 19. dxc5 Qxd2 20. Bxd2 Nbd7 21. Nxa4 Rxa4 22. bxa4
Nxc5 23. Rb4 Nfd7 24. Be3 Ne6 25. Nxe6 Rxe6 26. Rd1 f5 27. Bf4 c5 28. Rc4 fxe4 29.
Rxe4 Rxe4 30. Bxe4 Bd4 31. Bd5+ Kg7 32. Re1 Kf6 33. g4 Be5 34. Bxe5+ Nxe5 35. Rb1
c4 36. Bxb7 Be6 37. a5 c3 38. Rc1 Nc4 39. a6 c2 40. Rxc2  1-0

[Event "British Chess Championships 2023: "]
[Site "The Venue, De Montfort University, 20 Western Boulevard, Leicester, LE2 7BU"]
[Date "2023.07.22"]
[Round "3"]
[Board "23"]
[White "Smithson, Sean"]
[Black "Gunn, Michael J"]
[Result "0-1"]
[WhiteElo "1301"]
[BlackElo "1606"]
[PlyCount "88"]
[EventDate "2023.07.21"]
[EventRounds "5"]
[EventCountry "ENG"]

1. e4 d5 2. exd5 Nf6 3. c4 e6 4. dxe6 Bxe6 5. Nf3 Nc6 6. d4 Bb4+ 7. Nc3 Qe7 8. Be3
O-O-O 9. Be2 a6 10. Qc2 Bg4 11. O-O-O Bxc3 12. Qxc3 Bf5 13. Bd3 Bxd3 14. Rxd3 Nb4
15. Qb3 Nxd3+ 16. Qxd3 h6 17. Re1 Qd6 18. c5 Qxc5+ 19. dxc5 Rxd3 20. Ne5 Rd5 21.
Nf3 Rhd8 22. Kc2 Ng4 23. b4 Nxe3+ 24. Rxe3 c6 25. Re7 R5d7 26. Re3 f6 27. Re2 Kc7
28. Nd2 Rd4 29. a3 R8d7 30. f3 Rf7 31. Kc3 Rdd7 32. Nc4 Rfe7 33. Rf2 Re1 34. a4 Rc1+
35. Rc2 Rxc2+ 36. Kxc2 Rd4 37. Kc3 Rd1 38. Kc2 Re1 39. Kd2 Ra1 40. a5 Ra2+ 41. Ke3
Rxg2 42. Nd6 Rxh2 43. Ne8+ Kd7 44. Nxg7 Rb2  0-1

[Event "British Chess Championships 2023: "]
[Site "The Venue, De Montfort University, 20 Western Boulevard, Leicester, LE2 7BU"]
[Date "2023.07.22"]
[Round "3"]
[Board "24"]
[White "Perkins, Chris"]
[Black "Mccormick, Graeme S"]
[Result "0-1"]
[WhiteElo "1606"]
[BlackElo "1523"]
[PlyCount "80"]
[EventDate "2023.07.21"]
[EventRounds "5"]
[EventCountry "ENG"]

1. e4 e6 2. d4 d5 3. e5 c5 4. c3 Nc6 5. Nf3 Bd7 6. Bd3 cxd4 7. cxd4 Bb4+ 8. Bd2 Qb6
9. Qb3 Bxd2+ 10. Nbxd2 Nxd4 11. Nxd4 Qxd4 12. Nf3 Qb6 13. Qxb6 axb6 14. O-O Ne7 15.
b4 Nc6 16. b5 Nb4 17. Be2 Nxa2 18. Rfb1 O-O 19. Bf1 Nc3 20. Rc1 Nxb5 21. g4 Rfc8
22. Rcb1 Rxa1 23. Rxa1 h6 24. Rb1 Rc5 25. Kg2 Bc6 26. Kg3 Nc3 27. Rxb6 Ne4+ 28. Kg2
Rc2 29. Nd4 Rxf2+ 30. Kg1 Rf4 31. h3 Nd2 32. Nxc6 Rxf1+ 33. Kg2 bxc6 34. Rxc6 Re1
35. Rc8+ Kh7 36. Rc7 Kg6 37. h4 Rxe5 38. h5+ Kg5 39. Rxf7 Kxg4 40. Rxg7+ Kxh5  0-1

[Event "British Chess Championships 2023: "]
[Site "The Venue, De Montfort University, 20 Western Boulevard, Leicester, LE2 7BU"]
[Date "2023.07.22"]
[Round "3"]
[Board "25"]
[White "Walia, Michael Kanishk"]
[Black "Allen, Michael Ei"]
[Result "0-1"]
[WhiteElo "1462"]
[BlackElo "1605"]
[PlyCount "162"]
[EventDate "2023.07.21"]
[EventRounds "5"]
[EventCountry "ENG"]

1. e4 c5 2. Nc3 a6 3. a4 e6 4. Bc4 Nc6 5. f4 Nf6 6. d3 d5 7. Bb3 dxe4 8. dxe4 Qxd1+
9. Kxd1 Ng4 10. Ke1 Nd4 11. h3 Nf6 12. Kf2 Nxb3 13. cxb3 h5 14. Nf3 Bd7 15. Re1 h4
16. Ne5 Rd8 17. Be3 b5 18. axb5 Bxb5 19. Kg1 Be7 20. Nxb5 axb5 21. Ra5 Rc8 22. Bf2
b4 23. Nd3 Nd7 24. Rc1 O-O 25. Bxc5 Nxc5 26. Nxc5 Rfd8 27. Rc4 Rd2 28. Na4 Rcd8 29.
f5 exf5 30. Rxf5 g6 31. Rf1 Re2 32. Kh1 Rdd2 33. Rg1 Bg5 34. Rxb4 Be3 35. Nc3 Bxg1
36. Nxe2 Bf2 37. Nc3 Rc2 38. Rb8+ Kg7 39. Rd8 Rxb2 40. Rd1 Rxb3 41. Nd5 Bg3 42. Kg1
Rb2 43. Ne3 Re2 44. Nf1 Bf2+ 45. Kh2 Rxe4 46. Rb1 Bd4 47. Nd2 Be5+ 48. Kg1 Re2 49.
Nf3 Bg3 50. Rd1 Kf6 51. Rf1 Ke7 52. Ng5 f6 53. Nf3 g5 54. Nd4 Re4 55. Nf5+ Ke6 56.
Nxg3 hxg3 57. Rf3 Re1+ 58. Rf1 Re3 59. Ra1 f5 60. Ra6+ Ke5 61. Ra5+ Kf4 62. Kf1 Re4
63. Ra3 g4 64. hxg4 Kxg4 65. Ra2 Kf4 66. Ra3 Re3 67. Ra4+ Kg5 68. Ra5 Rb3 69. Ra1
f4 70. Ra2 Rb1+ 71. Ke2 Rg1 72. Kd3 Kg4 73. Ke4 Re1+ 74. Kd4 f3 75. gxf3+ Kxf3 76.
Ra3+ Kf2 77. Ra2+ Re2 78. Ra8 g2 79. Rf8+ Ke1 80. Rg8 Kf1 81. Rf8+ Rf2  0-1

[Event "British Chess Championships 2023: "]
[Site "The Venue, De Montfort University, 20 Western Boulevard, Leicester, LE2 7BU"]
[Date "2023.07.22"]
[Round "3"]
[Board "26"]
[White "Daly, Grant"]
[Black "Blackburn, Jon Ew"]
[Result "1/2-1/2"]
[WhiteElo "1596"]
[BlackElo "1717"]
[PlyCount "110"]
[EventDate "2023.07.21"]
[EventRounds "5"]
[EventCountry "ENG"]

1. d4 d5 2. c4 e6 3. Nc3 Nf6 4. cxd5 exd5 5. Bg5 Nbd7 6. e3 Be7 7. Bd3 O-O 8. Qc2
c6 9. Nge2 Re8 10. O-O Nf8 11. Rab1 a5 12. a3 Ne4 13. Bxe7 Qxe7 14. b4 axb4 15. axb4
Bd7 16. b5 Ng6 17. bxc6 Bxc6 18. Bb5 Rec8 19. Bxc6 Rxc6 20. Qb2 Rd8 21. Nxe4 Qxe4
22. Ng3 Qe6 23. Qxb7 Rdc8 24. Qb2 Rc2 25. Qa1 Qc6 26. Qa7 h6 27. Rb8 Rxb8 28. Qxb8+
Kh7 29. Qa7 Qc7 30. Qa8 Qc6 31. Qxc6 Rxc6 32. Ne2 Ne7 33. Rc1 Rxc1+ 34. Nxc1 Kg6
35. Ne2 f5 36. h3 Kf6 37. g4 fxg4 38. hxg4 g5 39. Kg2 Kg6 40. f4 gxf4 41. exf4 Nc6
42. Kf3 Ne7 43. Ke3 h5 44. gxh5+ Kxh5 45. Kf3 Nc6 46. Ng3+ Kg6 47. Ke3 Ne7 48. Kd3
Nf5 49. Ne2 Ne7 50. Kc3 Kf5 51. Kd3 Kg4 52. Ke3 Nf5+ 53. Kd3 Kf3 54. Nc3 Kxf4 55.
Nxd5+ Kf3  1/2-1/2

[Event "British Chess Championships 2023: "]
[Site "The Venue, De Montfort University, 20 Western Boulevard, Leicester, LE2 7BU"]
[Date "2023.07.22"]
[Round "3"]
[Board "27"]
[White "Sargeant, Christopher"]
[Black "Jones, Paul W"]
[Result "1/2-1/2"]
[WhiteElo "1714"]
[BlackElo "1637"]
[PlyCount "60"]
[EventDate "2023.07.21"]
[EventRounds "5"]
[EventCountry "ENG"]

1. d4 Nf6 2. c4 a6 3. Bf4 d5 4. e3 c6 5. Nc3 Qb6 6. Qc2 Ne4 7. cxd5 Nxc3 8. bxc3
cxd5 9. Bd3 g6 10. Ne2 Bg7 11. O-O O-O 12. Rab1 Qa5 13. Rfc1 b5 14. f3 Nd7 15. e4
e6 16. Bd6 Re8 17. e5 Qd8 18. Rf1 Nb6 19. Nc1 Nc4 20. Bxc4 dxc4 21. Qe4 Ra7 22. Ne2
Bb7 23. Qe3 Ra8 24. Ng3 f6 25. f4 Qb6 26. Bc5 Qc6 27. Rf2 fxe5 28. fxe5 Bf8 29. Bxf8
Rxf8 30. Rbf1 a5  1/2-1/2

[Event "British Chess Championships 2023: "]
[Site "The Venue, De Montfort University, 20 Western Boulevard, Leicester, LE2 7BU"]
[Date "2023.07.22"]
[Round "3"]
[Board "28"]
[White "Dairi, Ramsey"]
[Black "Scott, Jane"]
[Result "1-0"]
[WhiteElo "1693"]
[BlackElo "1477"]
[PlyCount "105"]
[EventDate "2023.07.21"]
[EventRounds "5"]
[EventCountry "ENG"]

1. e4 e5 2. Nf3 Nc6 3. Bc4 Nf6 4. Ng5 d5 5. exd5 Na5 6. Bb5+ Bd7 7. Qe2 Be7 8. Bxd7+
Qxd7 9. Qxe5 Nxd5 10. Nf3 O-O 11. Nc3 Nxc3 12. Qxc3 Rfe8 13. O-O Nc6 14. d3 Bf6 15.
Qc4 Ne5 16. Nxe5 Bxe5 17. Bd2 Qd6 18. g3 b6 19. Bc3 c5 20. Rae1 Bxc3 21. Qxc3 h6
22. Rxe8+ Rxe8 23. Re1 Rd8 24. Qe5 Kf8 25. Qxd6+ Rxd6 26. Re4 Rd5 27. Kf1 b5 28.
Ke2 a5 29. f4 b4 30. Re5 Rxe5+ 31. fxe5 Ke7 32. Ke3 Ke6 33. Ke4 a4 34. d4 f5+ 35.
exf6 gxf6 36. dxc5 f5+ 37. Kd4 h5 38. h4 a3 39. bxa3 bxa3 40. c4 Kd7 41. Kd5 Kc7
42. c6 Kc8 43. c5 Kc7 44. Ke5 Kxc6 45. Kxf5 Kxc5 46. Kg5 Kc4 47. Kxh5 Kc3 48. Kg5
Kb2 49. h5 Kxa2 50. h6 Kb1 51. h7 a2 52. h8=Q a1=R 53. Qxa1+  1-0

[Event "British Chess Championships 2023: "]
[Site "The Venue, De Montfort University, 20 Western Boulevard, Leicester, LE2 7BU"]
[Date "2023.07.22"]
[Round "3"]
[Board "29"]
[White "Usher, Frank"]
[Black "Szwajkun, Richard"]
[Result "0-1"]
[WhiteElo "1570"]
[BlackElo "1644"]
[PlyCount "62"]
[EventDate "2023.07.21"]
[EventRounds "5"]
[EventCountry "ENG"]

1. e4 d5 2. exd5 Qxd5 3. Nc3 Qa5 4. d4 Nf6 5. Bd3 Bg4 6. Nge2 c6 7. O-O e6 8. f3
Bh5 9. Bf4 Be7 10. Qd2 O-O 11. Ne4 Qxd2 12. Nxf6+ Bxf6 13. Bxd2 Nd7 14. Rae1 Rad8
15. c3 e5 16. Ng3 Bg6 17. Bxg6 hxg6 18. Ne4 exd4 19. Nxf6+ Nxf6 20. cxd4 Rxd4 21.
Bc3 Rd7 22. Bxf6 gxf6 23. Re2 Rfd8 24. Rfe1 Kf8 25. Kf2 b6 26. Kg3 a6 27. f4 Rd3+
28. Kg4 f5+ 29. Kg5 Kg7 30. g3 f6+ 31. Kh4 Rh8#  0-1

[Event "British Chess Championships 2023: "]
[Site "The Venue, De Montfort University, 20 Western Boulevard, Leicester, LE2 7BU"]
[Date "2023.07.22"]
[Round "3"]
[Board "30"]
[White "Jones, Dixon H"]
[Black "Ananyev, Yaroslav"]
[Result "0-1"]
[WhiteElo "1688"]
[BlackElo "1564"]
[PlyCount "64"]
[EventDate "2023.07.21"]
[EventRounds "5"]
[EventCountry "ENG"]

1. d4 d5 2. c4 e6 3. cxd5 exd5 4. Nc3 Nf6 5. Bf4 Bb4 6. a3 Ba5 7. b4 Bb6 8. Na4 O-O
9. Nxb6 axb6 10. Rc1 c6 11. e3 Bf5 12. Bd3 Bg6 13. Rc3 Nbd7 14. Nf3 Bh5 15. Be2 Ne4
16. Rb3 Ra7 17. O-O Qa8 18. Qc1 Rc8 19. Re1 c5 20. Bb5 Nf8 21. Qb2 c4 22. Rc3 Nxc3
23. Qxc3 Rxa3 24. Qc1 Bxf3 25. gxf3 Rb3 26. Bd6 c3 27. Bd3 Rb2 28. Kg2 Qa2 29. Rf1
c2 30. Bxf8 Kxf8 31. Qa1 Qxa1 32. Rxa1 c1=Q  0-1

[Event "British Chess Championships 2023: "]
[Site "The Venue, De Montfort University, 20 Western Boulevard, Leicester, LE2 7BU"]
[Date "2023.07.22"]
[Round "3"]
[Board "31"]
[White "Brown, Chris"]
[Black "Coles, Rob"]
[Result "1-0"]
[WhiteElo "1477"]
[BlackElo "1600"]
[PlyCount "61"]
[EventDate "2023.07.21"]
[EventRounds "5"]
[EventCountry "ENG"]

1. e4 c5 2. d4 cxd4 3. c3 dxc3 4. Nxc3 g6 5. Nf3 Nc6 6. Bc4 d6 7. O-O Bg7 8. Qe2
a6 9. Rd1 Qc7 10. Bf4 Ne5 11. Bb3 Nh6 12. Nd5 Qd8 13. Bxe5 Bxe5 14. Nxe5 O-O 15.
Nf3 Bd7 16. Rac1 e6 17. Nc3 Qe7 18. Qd2 Ng4 19. Qxd6 Qxd6 20. Rxd6 Bc6 21. h3 Nf6
22. e5 Nd7 23. Ba4 Bxf3 24. Rxd7 b5 25. gxf3 Rac8 26. Rdd1 bxa4 27. Nxa4 Rb8 28.
Kg2 Rb5 29. Rc5 Rb4 30. b3 Kg7 31. Rd6  1-0

[Event "British Chess Championships 2023: "]
[Site "The Venue, De Montfort University, 20 Western Boulevard, Leicester, LE2 7BU"]
[Date "2023.07.22"]
[Round "3"]
[Board "32"]
[White "Morris, Nigel W"]
[Black "Fleischer, Jeff H"]
[Result "0-1"]
[WhiteElo "1596"]
[BlackElo "1481"]
[PlyCount "160"]
[EventDate "2023.07.21"]
[EventRounds "5"]
[EventCountry "ENG"]

1. d4 Nf6 2. Nf3 g6 3. c4 Bg7 4. Nc3 d6 5. e4 O-O 6. Be2 e5 7. Be3 Bd7 8. Rc1 exd4
9. Nxd4 Nc6 10. Nc2 Re8 11. f3 a6 12. Qd2 Qe7 13. O-O Rac8 14. Rfd1 Rcd8 15. b3 Qf8
16. a3 Be6 17. Nd5 Bxd5 18. cxd5 Ne5 19. Nd4 Rc8 20. a4 Qe7 21. b4 Ned7 22. Rc2 Qd8
23. Rdc1 Nb8 24. Nb3 Qe7 25. Ba7 Qe5 26. Rxc7 Rxc7 27. Rxc7 Nbd7 28. Bd4 Qe7 29.
Rxb7 Qf8 30. Bxa6 Bh6 31. Be3 Bxe3+ 32. Qxe3 Nxd5 33. Qd2 N5f6 34. Bb5 Rd8 35. Bxd7
Nxd7 36. Rc7 Nf6 37. b5 Qe8 38. Rc6 Qe5 39. Qd4 Qg5 40. b6 Nh5 41. b7 Nf4 42. Qf2
Nh3+ 43. Kf1 Nxf2 44. Kxf2 Qe7 45. Rc8 Qxb7 46. Rxd8+ Kg7 47. Rxd6 Qxb3 48. Rd2 Qxa4
49. Ke3 Qa7+ 50. Rd4 Qc7 51. g3 Qc1+ 52. Rd2 Qc5+ 53. Rd4 Qh5 54. h4 Qc5 55. Kd3
Qb5+ 56. Ke3 Qb3+ 57. Rd3 Qb1 58. Ke2 Qg1 59. f4 Qg2+ 60. Kd1 Qxe4 61. Kd2 h5 62.
Kc3 Qc6+ 63. Kd2 Kf6 64. Re3 Qd5+ 65. Ke2 Qg2+ 66. Kd3 Qd5+ 67. Ke2 Qc4+ 68. Kf3
Qd5+ 69. Kf2 Qd4 70. Kf3 Qd1+ 71. Kf2 Qh1 72. Ke2 Qh2+ 73. Kf3 Qh1+ 74. Kf2 Kf5 75.
Re5+ Kg4 76. Rg5+ Kh3 77. Ke3 Qe1+ 78. Kf3 Qf1+ 79. Ke3 Qg2 80. Kd4 Qxg3  0-1

[Event "British Chess Championships 2023: "]
[Site "The Venue, De Montfort University, 20 Western Boulevard, Leicester, LE2 7BU"]
[Date "2023.07.22"]
[Round "3"]
[Board "33"]
[White "Blin, Henri"]
[Black "Ananyev, Miron"]
[Result "1/2-1/2"]
[WhiteElo "1464"]
[BlackElo "1525"]
[PlyCount "58"]
[EventDate "2023.07.21"]
[EventRounds "5"]
[EventCountry "ENG"]

1. e4 c5 2. Nf3 g6 3. d4 cxd4 4. Nxd4 Bg7 5. Nc3 e5 6. Nb3 d6 7. Be3 f5 8. f3 f4
9. Bf2 Be6 10. Qd2 Ne7 11. Be2 O-O 12. Rd1 Nc8 13. Nb5 Nc6 14. Nxd6 Qxd6 15. Qxd6
Nxd6 16. Rxd6 Bf7 17. O-O Nb4 18. c3 Nxa2 19. Nd2 Rfd8 20. Rxd8+ Rxd8 21. Rd1 Nc1
22. Bb5 Nb3 23. Be1 Nxd2 24. Rxd2 Rxd2 25. Bxd2 a6 26. Bd7 Bf8 27. Bc8 Bc5+ 28. Kf1
Bc4+ 29. Ke1 b6  1/2-1/2